000 00278nam a2200121Ia 4500
008 190216s9999||||xx |||||||||||||| ||und||
100 _aAjay Khosh
245 0 _aHindi-Sambath Garthiki Faslom
260 _bRoshanthi Prakashan
300 _a128
650 _aHindi
942 _cBK
999 _c16261
_d16261